000 01376cam a2200325 4500
001 L127411
002 7921
008 040915n2005 000 0 eng u
020 _a0415348447
022 _a0267-4181
035 _a(Sirsi) u127411
041 _aeng
050 _a712.3
_c18
245 _aSpon's landscape and external works price book 2005
250 _a24th ed.
260 _aAbingdon
_bSpon Press
_c2005
300 _axxvi, 389p.
_c26cm.
350 _a90.00
520 _aThe latest edition of this standard price book provides a comprehensive source of information for detailed landscape and external works costs, covering all the items to be found in hard and soft landscape contracts. Contents include: cost information; preliminaries; landscape consultant's appointment; fees for professional services; the Aggregates Tax; prices for measured works; approximate estimates; and tables and memoranda.
520 _aSuperseded by twenty sixth edition (ISBN0415393841)
520 _aCD-Rom version (L145083) for reference in the library
650 _aBUILDING PRICE BOOKS
650 _aEXTERNAL WORKS
650 _aLANDSCAPING
650 _aBUILT ENVIRONMENT-BUILDING COSTS
690 _aBUILT ENVIRONMENT-BUILDING COSTS
710 _aDavis Langdon
_xEditor
_94649
710 _aLandPro Ltd Landscape Chartered Surveyors
_94654
942 _n0
999 _c103776
_d103776